| 000 | 00483nam a2200169Ia 4500 | ||
|---|---|---|---|
| 003 | GCL | ||
| 008 | 140319s9999 xx 000 0 ara d | ||
| 040 |
_aGCL / _cGCL |
||
| 082 | 0 | 4 |
_a189 _bس م |
| 100 | 1 | _aسيد حسين نصر | |
| 245 | 1 | 0 |
_aمقدمة الى العقائد الكونية الاسلامية / _cسيد حسين نصر |
| 300 | _a248 | ||
| 490 |
_a100 قصة _v0 |
||
| 650 | 0 | 4 | _aالفلسفة الاسلامية |
| 650 | 0 | 4 | _aالفلسفة |
| 942 |
_2ddc _cBK |
||
| 999 |
_c43903 _d43903 |
||